00489nam a22001692 4500001001100000005001700011008004100028020001600069040001500085100002900100245005600129250001200185260003000197300001400227650007500241852000300316000001955120151217161147.0110110s xx 000 0 eng d a034350087 : aKABUcKABU1 aRoom Adrian.@000017932110aCassell's foreign words and phrases /cAdrian Room. a1st ed. aLondon :bCassell,c2000. axv, 395p. 0aEnglish languagevDictionariesxForeign words and phrases.@00001793221